हर्षचरित: एक सांस्कृतिक अध्ययन (Record no. 117852)

MARC details
000 -LEADER
fixed length control field 00968nam a2200265Ia 4500
003 - CONTROL NUMBER IDENTIFIER
control field OSt
005 - DATE AND TIME OF LATEST TRANSACTION
control field 20220918112016.0
008 - FIXED-LENGTH DATA ELEMENTS--GENERAL INFORMATION
fixed length control field 220915b |||||||| |||| 00| 0 hin d
037 ## - SOURCE OF ACQUISITION
Terms of availability Textbook
040 ## - CATALOGING SOURCE
Language of cataloging hin
Original cataloging agency ARTS
Transcribing agency ARTS
041 ## - LANGUAGE CODE
Language code of text/sound track or separate title hin
100 ## - MAIN ENTRY--PERSONAL NAME
Personal name अग्रवाल, वासुदेवशरण
9 (RLIN) 9618
245 #0 - TITLE STATEMENT
Title हर्षचरित: एक सांस्कृतिक अध्ययन
246 ## - VARYING FORM OF TITLE
Title proper/short title Harṣhacharita: ek sāanskṛutik adhyayana
260 ## - PUBLICATION, DISTRIBUTION, ETC.
Place of publication, distribution, etc. पटना
Name of publisher, distributor, etc. बिहार-राष्ट्भाषा-परिषद भारत
Date of publication, distribution, etc. 1964
300 ## - PHYSICAL DESCRIPTION
Extent 227पण्, फलक28
Dimensions cm.
500 ## - GENERAL NOTE
General note Bib 225-27p
650 ## - SUBJECT ADDED ENTRY--TOPICAL TERM
Topical term or geographic name entry element हिन्दी साहित्य
942 ## - ADDED ENTRY ELEMENTS (KOHA)
Classification part O15,3D60:g, 152K4
Koha item type Textbook
Source of classification or shelving scheme Colon Classification (CC)

No items available.

Copyright @ Delhi University Library System